header

Use of high performance computing in meteorology (Record no. 138194)

MARC details
000 -LEADER
fixed length control field 01775nam a2200337Ia 4500
245 10 - TITLE STATEMENT
Title Use of high performance computing in meteorology
260 ## - PUBLICATION, DISTRIBUTION, ETC. (IMPRINT)
Place of publication Singapore ;
-- Hackensack, NJ :
Name of publisher World Scientific,
Year of publication c2005.
300 ## - PHYSICAL DESCRIPTION
Number of Pages viii, 313 p. :
Other physical details ill. (some col.), maps (some col.)
650 #0 - SUBJECT ADDED ENTRY--TOPICAL TERM
Topical Term Meteorology
Topical Term Parallel processing (Electronic computers)
700 1# - ADDED ENTRY--PERSONAL NAME
Personal name Zwieflhofer, Walter.
Personal name Mozdzynski, George.
856 40 - ELECTRONIC LOCATION AND ACCESS
Uniform Resource Identifier http://site.ebrary.com/lib/rucke/Doc?id=10173956

No items available.

© 2026 Rongo University
Contact us: librarian | system librarian | Rongo university